000 00335nam a22001457a 4500
008 210607b ||||| |||| 00| 0 eng d
020 _a9781305258785
041 _aeng
080 _27th
_a311
082 _a311
100 _a55
101 _aSTA
245 _aUnderstanding Basic Statistics
_cCharles Henry Brase
942 _2udc
_cBK
999 _c58010
_d58010